| 000 | 00497nam a22001577a 4500 | ||
|---|---|---|---|
| 003 | SGT | ||
| 020 | _a9788184486025 | ||
| 082 | _a362.1 | ||
| 100 | _aGUPTA, JOYDEEP DAS | ||
| 245 | _aHOSPITAL ADMINISTRATION AND MANAGEMENT A COMPREHENSIVE GUIDE | ||
| 260 |
_aNEW DELHI _bJAYPEE BROTHERS _c2009 |
||
| 300 | _a229 | ||
| 650 | _aSOCIAL PROBLEMS AND SERVICES | ||
| 653 | _aHOSPITAL ADMINISTRATION AND MANAGEMENT,HOSPITAL ORGANIZATIONS AND SERVICES, HOSPITAL SUPPORT SERVICES | ||
| 942 |
_2ddc _cFCM _09 |
||
| 999 |
_c9204 _d9204 |
||